00285nam a2200109 4500082001600000100001900016245003000035260002800065300001200093650003200105650003800137 a621.3822PAL aPallavi, Andhe aDigital Signal Processors aIndia:bPearson,c2012. a630p. ; aRouters (Computer networks) aSoftware configuration management